000
00220nam a2200097Ia 4500
008
240331s9999 xx 000 0 und d
082
_b
RAM
100
_a
Ramalingam,V
245
0
_a
Yalpanach samugathil pen kalvi
942
_c
L
999
_c
4610
_d
4610